<?xml version="1.0" encoding="UTF-8"?>
<record
    xmlns:xsi="http://www.w3.org/2001/XMLSchema-instance"
    xsi:schemaLocation="http://www.loc.gov/MARC21/slim http://www.loc.gov/standards/marcxml/schema/MARC21slim.xsd"
    xmlns="http://www.loc.gov/MARC21/slim">

  <leader>04252nam a2200577 i 4500</leader>
  <controlfield tag="003">EG-ScBUE</controlfield>
  <controlfield tag="005">20230813094658.0</controlfield>
  <controlfield tag="008">841004s2006    ua co  f b    000 0aeng d</controlfield>
  <datafield tag="020" ind1=" " ind2=" ">
    <subfield code="a">9774245954 (set)</subfield>
  </datafield>
  <datafield tag="040" ind1=" " ind2=" ">
    <subfield code="a">DLC</subfield>
    <subfield code="b">eng</subfield>
    <subfield code="e">rda</subfield>
    <subfield code="c">DLC</subfield>
    <subfield code="d">DLC</subfield>
    <subfield code="d">EG-ScBUE</subfield>
  </datafield>
  <datafield tag="043" ind1=" " ind2=" ">
    <subfield code="a">f-ua---</subfield>
    <subfield code="a">aw-----</subfield>
  </datafield>
  <datafield tag="082" ind1="0" ind2="4">
    <subfield code="a">916.2043</subfield>
    <subfield code="b">ROB</subfield>
    <subfield code="2">22</subfield>
  </datafield>
  <datafield tag="100" ind1="1" ind2=" ">
    <subfield code="a">Roberts, David,</subfield>
    <subfield code="d">1796-1864,</subfield>
    <subfield code="e">author.</subfield>
  </datafield>
  <datafield tag="245" ind1="1" ind2="4">
    <subfield code="a">Egypt &amp; Nubia /</subfield>
    <subfield code="c">from drawings made on the spot by David Roberts ; with historical descriptions by the Rev. George Croly, William Brockedon F. R. S. ; lithographed by Louis Haghe ; text Fabio Bourbon ; translation C. T. M. Milan ; graphic design Anna Galliani.</subfield>
  </datafield>
  <datafield tag="246" ind1="3" ind2=" ">
    <subfield code="a">Egypt and Nubia</subfield>
  </datafield>
  <datafield tag="246" ind1="3" ind2="3">
    <subfield code="a">Holy Land :</subfield>
    <subfield code="b">Syria, Idumea, Arabia, Egypt and Nubia</subfield>
  </datafield>
  <datafield tag="250" ind1=" " ind2=" ">
    <subfield code="a">Second printing.</subfield>
  </datafield>
  <datafield tag="250" ind1=" " ind2=" ">
    <subfield code="a">Limited collector's edition.</subfield>
  </datafield>
  <datafield tag="264" ind1=" " ind2="1">
    <subfield code="a">Cairo :</subfield>
    <subfield code="b">The American University in Cairo Press,</subfield>
    <subfield code="c">2006.</subfield>
  </datafield>
  <datafield tag="300" ind1=" " ind2=" ">
    <subfield code="a">3 volumes :</subfield>
    <subfield code="b">illustrations (some color), portraits ;</subfield>
    <subfield code="c">36 cm</subfield>
  </datafield>
  <datafield tag="500" ind1=" " ind2=" ">
    <subfield code="a">Two volume work issued in slipcase. Includes booklet "The life, works and travels of David Roberts R.A.", text by Fabio Bourbon.</subfield>
  </datafield>
  <datafield tag="500" ind1=" " ind2=" ">
    <subfield code="a">Companion volume to: The Holy Land.</subfield>
  </datafield>
  <datafield tag="504" ind1=" " ind2=" ">
    <subfield code="a">Includes bibliographical references.</subfield>
  </datafield>
  <datafield tag="505" ind1="0" ind2=" ">
    <subfield code="a">v.1.Egypt &amp; Nubia : from drawings made on the spot by David Roberts / with historical descriptions by William Brockedon --  v.2. Holy land : from drawings made on the spot by David Roberts / with historical descriptions by the Revd. George Croly -- v.3.Life, works, and travels of David Roberts R.A. / Fabio Bourbon.</subfield>
  </datafield>
  <datafield tag="520" ind1=" " ind2=" ">
    <subfield code="a">An exquisite Hardcover (with hard jacket) collection for fine art lovers and David Roberts connoisseurs. The genius and sensitivity of the justly celebrated nineteenth-century Scottish artist David Roberts are fully revealed in this outstanding special three-volume collector's edition that reproduces in unprecedented print quality all 247 of Roberts' published drawings of Egypt and the Holy Land. In 1838 and 1839, Roberts spent eleven months traveling and sketching throughout Egypt from Alexandria to Abu Simbel and through Sinai to Petra, Jerusalem, Palestine, and Lebanon. The 247 lithographs that Belgian engraver Louis Haghe then produced at the rate of one a month from the drawings executed during Roberts' extraordinary trip were published in six volumes by Francis Graham Moon, as The Holy Land, Syria, Idumea, Arabia, Egypt and Nubia (1842-46) and Egypt and Nubia (1846-49). This monumental work assured the artist of a fame that has lasted until the modern day. Once again in this limited collector's edition, the wonders that Roberts saw on his trip and the style of life in the Middle East in the middle of the nineteenth century are brought vividly to life by the pictures and the original accompanying texts by the Reverend George Croly and William Brockedon. All admirers of David Roberts will want to own this unique and exquisitely produced edition</subfield>
  </datafield>
  <datafield tag="600" ind1="1" ind2="7">
    <subfield code="a">Roberts, David,</subfield>
    <subfield code="d">1796-1864</subfield>
    <subfield code="x">Travel</subfield>
    <subfield code="z">Egypt.</subfield>
    <subfield code="2">BUEsh</subfield>
  </datafield>
  <datafield tag="600" ind1="1" ind2="7">
    <subfield code="a">Roberts, David,</subfield>
    <subfield code="d">1796-1864</subfield>
    <subfield code="x">Travel</subfield>
    <subfield code="z">Middle East. </subfield>
    <subfield code="2">BUEsh</subfield>
  </datafield>
  <datafield tag="650" ind1=" " ind2="7">
    <subfield code="a">Painters</subfield>
    <subfield code="x">Travel</subfield>
    <subfield code="z">Great Britain</subfield>
    <subfield code="z">Egypt.</subfield>
    <subfield code="2">BUEsh</subfield>
  </datafield>
  <datafield tag="650" ind1=" " ind2="7">
    <subfield code="a">Jews</subfield>
    <subfield code="x">History.</subfield>
    <subfield code="2">BUEsh</subfield>
  </datafield>
  <datafield tag="650" ind1=" " ind2="7">
    <subfield code="a">Church buildings</subfield>
    <subfield code="z">Middle East.</subfield>
    <subfield code="2">BUEsh</subfield>
  </datafield>
  <datafield tag="651" ind1=" " ind2="7">
    <subfield code="a">Egypt</subfield>
    <subfield code="x">Description and travel.</subfield>
    <subfield code="2">BUEsh</subfield>
  </datafield>
  <datafield tag="651" ind1=" " ind2="7">
    <subfield code="a">Nubia</subfield>
    <subfield code="x">Description and travel.</subfield>
    <subfield code="2">BUEsh</subfield>
  </datafield>
  <datafield tag="651" ind1=" " ind2="7">
    <subfield code="a">Egypt</subfield>
    <subfield code="v">Pictorial works. </subfield>
    <subfield code="2">BUEsh</subfield>
  </datafield>
  <datafield tag="651" ind1=" " ind2="7">
    <subfield code="a">Nubia</subfield>
    <subfield code="v">Pictorial works. </subfield>
    <subfield code="2">BUEsh</subfield>
  </datafield>
  <datafield tag="651" ind1=" " ind2="7">
    <subfield code="a">Palestine</subfield>
    <subfield code="x">Description and travel.</subfield>
    <subfield code="2">BUEsh</subfield>
  </datafield>
  <datafield tag="651" ind1=" " ind2="7">
    <subfield code="a">Jerusalem</subfield>
    <subfield code="x">Description and travel</subfield>
    <subfield code="2">BUEsh</subfield>
  </datafield>
  <datafield tag="651" ind1=" " ind2="7">
    <subfield code="a">Syria</subfield>
    <subfield code="x">Description and travel</subfield>
    <subfield code="2">BUEsh</subfield>
  </datafield>
  <datafield tag="651" ind1=" " ind2="7">
    <subfield code="a">Jordan</subfield>
    <subfield code="x">Description and travel</subfield>
    <subfield code="2">BUEsh</subfield>
  </datafield>
  <datafield tag="651" ind1=" " ind2="7">
    <subfield code="a">Lebanon</subfield>
    <subfield code="x">Description and travel.</subfield>
    <subfield code="2">BUEsh</subfield>
  </datafield>
  <datafield tag="651" ind1=" " ind2="7">
    <subfield code="a">Sinai (Egypt)</subfield>
    <subfield code="x">Description and travel.</subfield>
    <subfield code="2">BUEsh</subfield>
  </datafield>
  <datafield tag="651" ind1=" " ind2="7">
    <subfield code="a">Middle East</subfield>
    <subfield code="x">In art.</subfield>
    <subfield code="2">BUEsh</subfield>
  </datafield>
  <datafield tag="653" ind1=" " ind2=" ">
    <subfield code="b">GGEN</subfield>
    <subfield code="b">COMAME</subfield>
    <subfield code="c">February2019</subfield>
  </datafield>
  <datafield tag="655" ind1=" " ind2=" ">
    <subfield code="v">Reading book</subfield>
  </datafield>
  <datafield tag="700" ind1="1" ind2=" ">
    <subfield code="a">Croly, George,</subfield>
    <subfield code="d">1780-1860.</subfield>
    <subfield code="t">Holy Land, Syria, Idumea, Arabia, Egypt &amp; Nubia.</subfield>
  </datafield>
  <datafield tag="700" ind1="1" ind2=" ">
    <subfield code="a">Brockedon, William,</subfield>
    <subfield code="d">1787-1854.</subfield>
    <subfield code="t">Egypt &amp; Nubia&#x200F;.</subfield>
  </datafield>
  <datafield tag="700" ind1="1" ind2=" ">
    <subfield code="a">Haghe, Louis,</subfield>
    <subfield code="e">lithographer.</subfield>
  </datafield>
  <datafield tag="700" ind1="1" ind2=" ">
    <subfield code="a">Bourbon, Fabio,</subfield>
    <subfield code="e">contributor.</subfield>
  </datafield>
  <datafield tag="700" ind1="1" ind2=" ">
    <subfield code="a">Milan, C. T. M.,</subfield>
    <subfield code="e">translator.</subfield>
  </datafield>
  <datafield tag="700" ind1="1" ind2=" ">
    <subfield code="a">Galliani, Anna,</subfield>
    <subfield code="e">designer.</subfield>
  </datafield>
  <datafield tag="942" ind1=" " ind2=" ">
    <subfield code="2">ddc</subfield>
    <subfield code="c">BB</subfield>
  </datafield>
  <datafield tag="999" ind1=" " ind2=" ">
    <subfield code="c">27196</subfield>
    <subfield code="d">27168</subfield>
  </datafield>
  <datafield tag="952" ind1=" " ind2=" ">
    <subfield code="0">0</subfield>
    <subfield code="1">0</subfield>
    <subfield code="2">ddc</subfield>
    <subfield code="4">0</subfield>
    <subfield code="7">0</subfield>
    <subfield code="8">Alahram</subfield>
    <subfield code="a">MAIN</subfield>
    <subfield code="b">MAIN</subfield>
    <subfield code="c">2ND</subfield>
    <subfield code="d">2007-03-04</subfield>
    <subfield code="e">Purchase</subfield>
    <subfield code="l">0</subfield>
    <subfield code="o">916.2043 ROB</subfield>
    <subfield code="p">000001531</subfield>
    <subfield code="r">2025-07-15 00:00:00</subfield>
    <subfield code="y">REFERENCE</subfield>
    <subfield code="z">VOL. 2.</subfield>
  </datafield>
  <datafield tag="952" ind1=" " ind2=" ">
    <subfield code="0">0</subfield>
    <subfield code="1">0</subfield>
    <subfield code="2">ddc</subfield>
    <subfield code="4">0</subfield>
    <subfield code="7">0</subfield>
    <subfield code="8">Alahram</subfield>
    <subfield code="a">MAIN</subfield>
    <subfield code="b">MAIN</subfield>
    <subfield code="c">2ND</subfield>
    <subfield code="d">2007-03-04</subfield>
    <subfield code="e">Purchase</subfield>
    <subfield code="l">0</subfield>
    <subfield code="o">916.2043 ROB</subfield>
    <subfield code="p">000001530</subfield>
    <subfield code="r">2025-07-15 00:00:00</subfield>
    <subfield code="y">REFERENCE</subfield>
    <subfield code="z">VOL. 1.</subfield>
  </datafield>
  <datafield tag="952" ind1=" " ind2=" ">
    <subfield code="0">0</subfield>
    <subfield code="1">0</subfield>
    <subfield code="2">ddc</subfield>
    <subfield code="4">0</subfield>
    <subfield code="7">0</subfield>
    <subfield code="8">Alahram</subfield>
    <subfield code="a">MAIN</subfield>
    <subfield code="b">MAIN</subfield>
    <subfield code="c">2ND</subfield>
    <subfield code="d">2007-03-04</subfield>
    <subfield code="e">Purchase</subfield>
    <subfield code="l">0</subfield>
    <subfield code="o">916.2043 ROB</subfield>
    <subfield code="p">000001529</subfield>
    <subfield code="r">2025-07-15 00:00:00</subfield>
    <subfield code="y">REFERENCE</subfield>
    <subfield code="z">VOL. 3.</subfield>
  </datafield>
  <datafield tag="952" ind1=" " ind2=" ">
    <subfield code="0">0</subfield>
    <subfield code="1">0</subfield>
    <subfield code="2">ddc</subfield>
    <subfield code="4">0</subfield>
    <subfield code="7">0</subfield>
    <subfield code="8">AUC</subfield>
    <subfield code="a">MAIN</subfield>
    <subfield code="b">MAIN</subfield>
    <subfield code="c">2ND</subfield>
    <subfield code="d">2019-02-26</subfield>
    <subfield code="e">Purchase</subfield>
    <subfield code="g">2400.00</subfield>
    <subfield code="h">16583</subfield>
    <subfield code="l">0</subfield>
    <subfield code="o">916.2043 ROB</subfield>
    <subfield code="p">000044310</subfield>
    <subfield code="r">2025-07-15 00:00:00</subfield>
    <subfield code="v">3000.00</subfield>
    <subfield code="w">2019-02-26</subfield>
    <subfield code="y">REFERENCE</subfield>
    <subfield code="z">VOL. 1.</subfield>
  </datafield>
  <datafield tag="952" ind1=" " ind2=" ">
    <subfield code="0">0</subfield>
    <subfield code="1">0</subfield>
    <subfield code="2">ddc</subfield>
    <subfield code="4">0</subfield>
    <subfield code="7">0</subfield>
    <subfield code="8">AUC</subfield>
    <subfield code="a">MAIN</subfield>
    <subfield code="b">MAIN</subfield>
    <subfield code="c">2ND</subfield>
    <subfield code="d">2019-02-26</subfield>
    <subfield code="e">Purchase</subfield>
    <subfield code="g">2400.00</subfield>
    <subfield code="h">16583</subfield>
    <subfield code="l">0</subfield>
    <subfield code="o">916.2043 ROB</subfield>
    <subfield code="p">000044311</subfield>
    <subfield code="r">2025-07-15 00:00:00</subfield>
    <subfield code="v">3000.00</subfield>
    <subfield code="w">2019-02-26</subfield>
    <subfield code="y">REFERENCE</subfield>
    <subfield code="z">VOL. 2.</subfield>
  </datafield>
  <datafield tag="952" ind1=" " ind2=" ">
    <subfield code="0">0</subfield>
    <subfield code="1">0</subfield>
    <subfield code="2">ddc</subfield>
    <subfield code="4">0</subfield>
    <subfield code="7">0</subfield>
    <subfield code="8">AUC</subfield>
    <subfield code="a">MAIN</subfield>
    <subfield code="b">MAIN</subfield>
    <subfield code="c">2ND</subfield>
    <subfield code="d">2019-02-26</subfield>
    <subfield code="e">Purchase</subfield>
    <subfield code="g">2400.00</subfield>
    <subfield code="h">16583</subfield>
    <subfield code="l">0</subfield>
    <subfield code="o">916.2043 ROB</subfield>
    <subfield code="p">000044312</subfield>
    <subfield code="r">2025-07-15 00:00:00</subfield>
    <subfield code="v">3000.00</subfield>
    <subfield code="w">2019-02-26</subfield>
    <subfield code="y">REFERENCE</subfield>
    <subfield code="z">VOL. 3.</subfield>
  </datafield>
</record>
